00377nam a2200121Ia 4500008004100000041000800041082001500049100002300064245006100087260004300148300001900191520004500210240719s9999 xx 000 0 und d aeng a338.91 RAJ aRajan, G. Raghuram aBreaking the Mould : Reimagining India's Economic Future aUSAbPenguin Random House India,c2023 a297;. p. 22 CM aFaculty Purchase by Dr. Senthil Kumar S.